000 00993nam a22002417a 4500
005 20250723122741.0
008 250723b |||||||| |||| 00| 0 eng d
020 _a978-93-90924-98-1 (pbk)
037 _cTB
040 _aCRL
_cCRL
041 _2eng
_aeng
084 _aQ3-4 152R1
_qCRL
100 _aपट्टनायक, देवदत्त
_9816315
245 _aलीडरशिप सूत्र:
_bशक्ति का भारतीय दृष्टिकोण
260 _aभोपाल, भारत:
_bमंजुल पब्लिशिंग हाउस,
_c2021.
300 _a141पृ.
365 _b250.00
_cINR
650 _aजैन धर्म
_9814480
650 _aधर्म
650 _aबोद्ध धर्म
_9816316
942 _2CC
_cTB
_hQ3-4 152R1
_n0
999 _c1434198
_d1434198